Nikos Kazantzakis Bibliography - Statistics

General Stats
  • This quiz has been taken 2 times
  • The average score is 2 of 45
Answer Stats
Type Year Name % Correct
Novel 1960 The Last Temptation
100%
Poetry Collection 1983 Christ
50%
Novel 1952 Zorba the Greek
50%
Children's Novel 1982 Alexander the Great: A Novel
0%
Anthology 1975 A Tiny Anthology of Kazantzakis: Remarks on the Drama, 1910-1957
0%
Children's Novel 1988 At the Palace of Knossos: A Novel
0%
Play 1983 Buddha
0%
Non-Fiction Book 1964 Burn Me to Ashes: An Excerpt
0%
Play 1969 Christopher Columbus
0%
Play 1975 Comedy: A Tragedy in One Act
0%
Essay 1976 Drama and Contemporary Man: An Essay
0%
Travelogue 1965 England
0%
Novella 1980 Father Yanaros
0%
Novel 1954 Freedom of Death
0%
Non-Fiction Book 2007 Friedrich Nietzsche on the Philosophy of Right and the State
0%
Play 1973 From Odysseus: A Drama
0%
Non-Fiction Book 1960 From The Saviors of God: Spiritual Exercises
0%
Essay 1963 "He Wants to Be Free - Kill Him!": A Story
0%
Hymn 1970 Hymn (Allegorical)
0%
Travelogue 1963 Japan, China
0%
Travelogue 1975 Journeying: Travels in Italy, Egypt, Sinai, Jerusalem and Cyprus
0%
Travelogue 1966 Journey to Morea
0%
Play 1948 Julian the Apostate
0%
Play 1969 Kouros
0%
Play 1969 Melissa
0%
Novel 1965 Report to Greco
0%
Travelogue 1989 Russia
0%
Novel 1962 Saint Francis
0%
Novel 1980 Serpent and Lily
0%
Play 1976 Sodom and Gomorrah: A Play
0%
Travelogue 1963 Spain
0%
Non-Fiction Book 1974 Symposium
0%
Non-Fiction Book 1976 The Angels of Cyprus
0%
Novel 1964 The Fratricides
0%
Novel 1954 The Greek Passion
0%
Non-Fiction Book 1975 The Homeric G.B.S.
0%
Epic Poem 1958 The Odyssey: A Modern Sequel
0%
Novel 1963 The Rock Garden
0%
Non-Fiction Book 1960 The Saviors of God
0%
Letter Collection 2011 The Selected Letters of Nikos Kazantzakis
0%
Letter Collection 1979 The Suffering God: Selected Letters to Galatea and to Papastephanou
0%
Play Collection 1969 Three Plays: Melissa, Kouros, Christopher Columbus
0%
Novel 1964 Toda Raba
0%
Non-Fiction Book 1972 Two Dreams
0%
Play 1982 Two Plays: Sodom and Gomorrah and Comedy: A Tragedy in One Act
0%
No matching quizzes found
Score Distribution
Percent of People with Each Score
Percentile by Number Answered
Your Score History
You have not taken this quiz